|
|
|
|
| LEADER |
00000nam0a2200000 4500 |
| 001 |
121755 |
| 005 |
20231031125517.0 |
| 035 |
|
|
|a (RuTPU)RU\TPU\book\131854
|
| 090 |
|
|
|a 121755
|
| 100 |
|
|
|a 20070920d2001 km y0rusy50 ca
|
| 101 |
0 |
|
|a rus
|
| 102 |
|
|
|a RU
|
| 105 |
|
|
|a k l 000zy
|
| 200 |
1 |
|
|a Положение о проведении планово-предупредительного ремонта производственных зданий и сооружений
|e МДС 13-14.2000
|f Госстрой России; под ред. Н. И. Монахова [ и др.]
|
| 205 |
|
|
|a официальное изд.
|
| 210 |
|
|
|a Москва
|c Госстрой России
|d 2001
|
| 215 |
|
|
|a 72 с.
|c ил.
|
| 300 |
|
|
|a Утверждено постановлением Госстроя СССР от 29 декабря 1973г. № 279.
|
| 610 |
1 |
|
|a производственные здания
|
| 610 |
1 |
|
|a производственные помещения
|
| 610 |
1 |
|
|a планово-предупредительный ремонт
|
| 610 |
1 |
|
|a эксплуатация
|
| 610 |
1 |
|
|a сохранность
|
| 610 |
1 |
|
|a ремонтные работы
|
| 610 |
1 |
|
|a планирование
|
| 610 |
1 |
|
|a проведение
|
| 610 |
1 |
|
|a финансирование
|
| 610 |
1 |
|
|a проектно-сметная документация
|
| 610 |
1 |
|
|a положение
|
| 675 |
|
|
|a 696/697.059(083)
|v 3
|
| 702 |
|
1 |
|a Монахов
|b Н. И.
|4 340
|
| 702 |
|
1 |
|a Бершидский
|b А. Х.
|4 340
|
| 702 |
|
1 |
|a Ерещенко
|b Ю. В.
|4 340
|
| 712 |
0 |
1 |
|a Российская Федерация
|b Государственный комитет по строительству и жилищно-коммунальному комплексу (Госстрой России)
|c (1999-2004)
|2 stltpush
|3 (RuTPU)RU\TPU\col\2930
|
| 801 |
|
1 |
|a RU
|b 63413507
|c 20070920
|g PSBO
|
| 801 |
|
2 |
|a RU
|b 63413507
|c 20080422
|g PSBO
|
| 942 |
|
|
|c BK
|
| 959 |
|
|
|a 62/20070920
|d 1
|e 154,00
|f ЧЗКДП:1
|